00951nam a2200169 a 4500008004100000020001500041050002400056245002800080246002700108260004400135350000900179995014300188995016200331999001700493952013500510952013600645120416s0000 ||||||||||||||||| || u a923103880x aUNESCO(058)EFA/200210aEducation for all, 2002 ais the world on track? aPlace de Fontenoy(France)bUNESCOc2002 a0.00 aSPECIAL COLLECTIONSD0.00e9012127FCBU-MAIN LIBRARY (Kitwe)H1I0.00jUNESCO(058)EFA/2002UAVAILABLEy9012127ZInternational Publications aSPECIAL COLLECTIONSD0.00e03006130FCBU-MAIN LIBRARY (Kitwe)H1I0.00jUNESCO(058)EFA/2002M1UAVAILABLEWMar 31, 2010y03006130ZInternational Publications c75749d75749 00102lcc4070a001b001cInternational Publicationsd2023-04-24l0oUNESCO(058)EFA/2002p9012127r2023-04-24t1w2023-04-24y023 00102lcc4070a001b001cInternational Publicationsd2023-04-24l0oUNESCO(058)EFA/2002p03006130r2023-04-24t2w2023-04-24y023